[Event "FIDE Disabilities Olym"]
[Site "Belgrade"]
[Date "2023.02.01"]
[Round "?"]
[White "Sarkar, Md Ali Newaz"]
[Black "Ryvova, Anna"]
[Result "1-0"]
[WhiteElo "1809"]
[BlackElo "1823"]
[PlyCount "129"]
[EventDate "2023.01.30"]
[EventType "team-swiss"]
[EventRounds "6"]
[EventCountry "SRB"]
[SourceTitle "CBM 212 Extra"]
[Source "ChessBase"]
[SourceDate "2023.03.31"]
[SourceVersion "1"]
[SourceVersionDate "2023.03.31"]
[SourceQuality "1"]
[WhiteTeam "Bangladesh"]
[BlackTeam "Czech Republic"]
[WhiteTeamCountry "BAN"]
[BlackTeamCountry "CZE"]

1. e4 c5 2. Nf3 d6 3. h3 Nf6 4. Nc3 Nc6 5. a3 e6 6. Be2 Be7 7. d4 cxd4 8. Nxd4 0-0 9. 0-0 a6 10. Nf3 Qc7 11. Be3 b5 12. Bf4 Rd8 13. Bd3 Bb7 14. Qe2 Nd7 15. Qe3 Nce5 16. Nxe5 Nxe5 17. Bxe5 dxe5 18. Ne2 Qc6 19. Kh1 f5 20. Nc3 b4 21. axb4 Bxb4 22. f3 f4 23. Qe2 Rd6 24. Nb1 Rad8 25. Nd2 Bxd2 26. Qxd2 Qb6 27. Qc3 Rd4 28. Ra3 Rc8 29. Qa5 Qc5 30. Qxc5 Rxc5 31. Rb3 Rd7 32. Ra1 Rdc7 33. Ra4 Bc8 34. Rb8 Rb7 35. Rb4 Rxb4 36. Rxb4 Rc6 37. b3 Kf7 38. Kg1 Ke7 39. Kf2 Kd6 40. Ke2 Kc7 41. Ra4 Kb6 42. b4 Kc7 43. Ra5 Kd6 44. Kd2 Bb7 45. c3 Bc8 46. Kc2 Bb7 47. Kb3 Bc8 48. Bc4 Bb7 49. Ra1 Ke7 50. Ra2 Bc8 51. Bd3 Rd6 52. Kc2 Rc6 53. c4 Bb7 54. Kc3 Kd6 55. Bc2 Ke7 56. c5 g5 57. Ba4 Rc8 58. Rd2 Rd8 59. Rxd8 Kxd8 60. c6 Bc8 61. Kc4 Kc7 62. Kc5 h6 63. Bb3 h5 64. Bc4 h4 65. Be2 1-0

[Event "Prague Golden rap op 11th"]
[Site "Prague"]
[Date "2015.06.27"]
[Round "2"]
[White "Pulpan, Jakub"]
[Black "Ryvova, Anna"]
[Result "1-0"]
[WhiteElo "2263"]
[BlackElo "1922"]
[PlyCount "57"]
[EventDate "2015.06.27"]
[EventType "swiss (rapid)"]
[EventRounds "7"]
[EventCountry "CZE"]
[SourceTitle "EXT 2017"]
[Source "ChessBase"]
[SourceDate "2016.10.25"]
[SourceVersion "1"]
[SourceVersionDate "2016.10.25"]
[SourceQuality "1"]

1. e4 d5 2. exd5 Qxd5 3. Nc3 Qa5 4. d4 Nf6 5. Bc4 e6 6. Bd2 c6 7. Nd5 Qd8 8. Nxf6+ Qxf6 9. Nf3 h6 10. Qe2 Bd6 11. 0-0-0 0-0 12. Kb1 b5 13. Bd3 Nd7 14. Qe4 Rd8 15. Qxc6 Nb6 16. Ne5 Bxe5 17. dxe5 Qxe5 18. Bc3 Qg5 19. Qxb5 Qxb5 20. Bxb5 Bb7 21. f3 Rd5 22. Rxd5 Nxd5 23. Bd4 a6 24. Bc4 Rc8 25. Bb3 Nf4 26. g3 Bxf3 27. Rf1 Rd8 28. Rxf3 Rxd4 29. c3 1-0

[Event "EU-chT ICSC 20th"]
[Site "Liverpool"]
[Date "2011.06.09"]
[Round "1"]
[White "Gardner, Phillip K"]
[Black "Ryvova, Anna"]
[Result "0-1"]
[WhiteElo "1827"]
[BlackElo "1972"]
[PlyCount "32"]
[EventDate "2011.06.09"]
[EventType "team-tourn"]
[EventRounds "7"]
[EventCountry "ENG"]
[SourceTitle "CBM 142 Extra"]
[Source "ChessBase"]
[SourceDate "2011.06.27"]
[SourceVersion "1"]
[SourceVersionDate "2011.06.27"]
[SourceQuality "1"]
[WhiteTeam "London"]
[BlackTeam "Praha"]
[WhiteTeamCountry "ENG"]
[BlackTeamCountry "CZE"]

1. e4 d5 2. exd5 Qxd5 3. Nc3 Qa5 4. d4 Nf6 5. Nf3 Bf5 6. Ne5 c6 7. Be2 e6 8. 0-0 Bd6 9. Bf4 Qc7 10. Bg3 Nbd7 11. Nxd7 Qxd7 12. Bxd6 Qxd6 13. Qd2 0-0 14. Rad1 Rad8 15. a3 c5 16. dxc5 Qxd2 0-1

[Event "Olympiad Women-39"]
[Site "Khanty-Mansiysk"]
[Date "2010.10.03"]
[Round "11.23"]
[White "Schut, Lisa"]
[Black "Ryvova, Anna"]
[Result "1-0"]
[WhiteElo "2288"]
[BlackElo "1981"]
[PlyCount "67"]
[EventDate "2010.09.21"]
[EventType "team-swiss"]
[EventRounds "11"]
[EventCountry "RUS"]
[SourceTitle "CBM 139"]
[Source "ChessBase"]
[SourceDate "2010.11.18"]
[SourceVersion "1"]
[SourceVersionDate "2010.11.18"]
[SourceQuality "1"]
[WhiteTeam "Netherlands (W)"]
[BlackTeam "ISCA (W)"]
[WhiteTeamCountry "NED"]

1. e4 e5 2. Nf3 Nf6 3. Nxe5 d6 4. Nf3 Nxe4 5. Nc3 Nxc3 6. dxc3 Be7 7. Be3 Bg4 8. h3 Bh5 9. Qd5 Bxf3 10. Qxf3 Nc6 11. g4 0-0 12. 0-0-0 Bg5 13. Bxg5 Qxg5+ 14. Kb1 Rfe8 15. Qg3 Qe5 16. f4 Qe3 17. Qh2 a5 18. h4 a4 19. a3 Qf3 20. Bd3 Na5 21. h5 Rab8 22. h6 g6 23. Qh4 Qxf4 24. Rhf1 Qe5 25. Rde1 Qh8 26. Rxe8+ Rxe8 27. Rf6 Nc6 28. Bb5 Kf8 29. Bxa4 Re1+ 30. Ka2 Re7 31. g5 Ke8 32. Qb4 Rd7 33. Qxb7 Nd8 34. Qxc7 1-0

[Event "Olympiad Women-38"]
[Site "Dresden"]
[Date "2008.11.20"]
[Round "7"]
[White "Ryvova, Anna"]
[Black "Gansvind, Valeriya I"]
[Result "0-1"]
[WhiteElo "2009"]
[BlackElo "2212"]
[PlyCount "56"]
[EventDate "2008.11.13"]
[EventType "team-swiss"]
[EventRounds "11"]
[EventCountry "GER"]
[SourceTitle "CBM 128"]
[Source "ChessBase"]
[SourceDate "2009.01.28"]
[SourceVersion "1"]
[SourceVersionDate "2009.01.28"]
[SourceQuality "1"]
[WhiteTeam "ICSC (W)"]
[BlackTeam "Estonia (W)"]
[BlackTeamCountry "EST"]

1. e4 c5 2. Nc3 e6 3. g3 d5 4. exd5 exd5 5. d4 Nf6 6. Bg2 Bg4 7. Nf3 Nc6 8. Qe2+ Be7 9. dxc5 0-0 10. 0-0 Bxc5 11. Qb5 Be7 12. Rd1 Qc8 13. a3 a6 14. Qe2 Re8 15. Qd2 Ne4 16. Qd3 Nxc3 17. Qxc3 Bf6 18. Qd2 Qf5 19. Qd3 Qh5 20. Rf1 Rad8 21. c3 Bf5 22. Qd1 Qg6 23. Be3 Be4 24. Nd4 Ne5 25. Qb3 h5 26. h4 Bxh4 27. Kh2 Ng4+ 28. Kh1 Nxe3 0-1

[Event "Olympiad Women-38"]
[Site "Dresden"]
[Date "2008.11.14"]
[Round "2"]
[White "Ryvova, Anna"]
[Black "Sanchez Rodriguez, Wilmairi"]
[Result "1-0"]
[WhiteElo "2009"]
[BlackElo "1773"]
[PlyCount "83"]
[EventDate "2008.11.13"]
[EventType "team-swiss"]
[EventRounds "11"]
[EventCountry "GER"]
[SourceTitle "CBM 128"]
[Source "ChessBase"]
[SourceDate "2009.01.28"]
[SourceVersion "1"]
[SourceVersionDate "2009.01.28"]
[SourceQuality "1"]
[WhiteTeam "ICSC (W)"]
[BlackTeam "Puerto Rico (W)"]
[BlackTeamCountry "PUR"]

1. e4 c5 2. Nf3 d6 3. Bb5+ Bd7 4. Bxd7+ Qxd7 5. 0-0 Nc6 6. c3 Nf6 7. Re1 Qc7 8. d4 cxd4 9. cxd4 Nd7 10. Nc3 e6 11. d5 Nce5 12. Nd4 Nc5 13. f4 Ned3 14. Re2 e5 15. fxe5 Nxe5 16. Be3 a6 17. Rc1 Qd8 18. Qf1 Rc8 19. Nf5 Ncd3 20. Rd1 Qd7 21. Red2 Nxb2 22. Rxb2 Rxc3 23. Bd4 Rc8 24. Rdb1 b5 25. a4 g6 26. Ne3 Bh6 27. Qe2 Bxe3+ 28. Qxe3 Nc4 29. Qh6 Nxb2 30. Bxh8 Nxa4 31. Bf6 Qa7+ 32. Kh1 Kd7 33. Qxh7 Kc7 34. Qxf7+ Kb8 35. Qxg6 Qe3 36. h4 Nc5 37. Bg5 Qxe4 38. Qxd6+ Ka8 39. Rc1 Qb4 40. Be7 a5 41. Rxc5 Rxc5 42. Qa6+ 1-0

[Event "Wch Silent (Women)"]
[Site "St Gallen"]
[Date "2008.07.28"]
[Round "7"]
[White "Ryvova, Anna"]
[Black "Gonchar, Svitlana"]
[Result "1/2-1/2"]
[WhiteElo "2019"]
[BlackElo "1805"]
[PlyCount "128"]
[EventDate "2008.07.20"]
[EventType "swiss"]
[EventRounds "9"]
[EventCountry "SUI"]
[SourceTitle "EXT 2009"]
[Source "ChessBase"]
[SourceDate "2008.11.26"]
[SourceVersion "1"]
[SourceVersionDate "2008.11.26"]
[SourceQuality "1"]

1. e4 d5 2. exd5 Qxd5 3. d4 Nf6 4. Nc3 Qd6 5. Nf3 Bf5 6. Ne5 c6 7. Bc4 e6 8. 0-0 Be7 9. h3 0-0 10. Be3 Rd8 11. Qe2 Nbd7 12. Nf3 Nb6 13. Bb3 Nbd5 14. Nxd5 cxd5 15. c3 h6 16. Bc2 Bxc2 17. Qxc2 Rdc8 18. Qe2 a6 19. Ne5 b5 20. a3 Qb6 21. Qf3 Bd6 22. Bxh6 Bxe5 23. dxe5 Ne8 24. Be3 Qc7 25. Bd4 a5 26. Qe3 Qc4 27. f4 b4 28. axb4 axb4 29. Rxa8 Rxa8 30. f5 exf5 31. Rxf5 Nc7 32. Qf2 Ne6 33. Rxf7 bxc3 34. Bxc3 d4 35. Bd2 Qd5 36. Qf3 Ra1+ 37. Kh2 Qxe5+ 38. Bf4 Nxf4 39. Qxf4 Qxf4+ 40. Rxf4 d3 41. Rd4 Rb1 42. Rxd3 Rxb2 43. Kg3 Rb4 44. Rf3 Kh7 45. Rf4 Rb3+ 46. Kg4 Kh6 47. h4 g6 48. g3 Ra3 49. Re4 Rb3 50. Kf4 Rb5 51. g4 g5+ 52. hxg5+ Rxg5 53. Re6+ Rg6 54. g5+ Kh7 55. Re7+ Rg7 56. Re8 Rf7+ 57. Kg4 Rf1 58. Re7+ Kg6 59. Re6+ Kg7 60. Rd6 Rg1+ 61. Kf5 Rf1+ 62. Ke6 Kg6 63. Rd5 Re1+ 64. Kd6 Rg1 1/2-1/2